[Event "POLFINALY MISTRZOSTW POLSKI JUNIOROW 2021 C-17"]
[Site "Jatrzebia Gora"]
[Date "1899-12-30"]
[Round "2.1"]
[White "Wysocki, Mateusz"]
[Black "Piechota, Kamil"]
[Result "0-1"]
[WhiteTitle "I+"]
[BlackTitle "I"]
[WhiteElo "1955"]
[BlackElo "1752"]

1. e4 c5 2. Nf3 Nc6 3. Bb5 e6 4. O-O Nf6 5. Re1 a6 6. Bxc6 bxc6 7. e5 Nd5 8. c4
Nb6 9. d3 Be7 10. Nc3 O-O 11. Be3 d5 12. exd6 Bxd6 13. Ne4 Qe7 14. Qb3 Rb8 15.
Qa3 Nd7 16. Nxd6 Qxd6 17. d4 Qc7 18. dxc5 e5 19. Qc3 f5 20. b4 e4 21. Nd2 Nf6
22. Bd4 Ng4 23. Nf1 Qf7 24. h3 Nf6 25. Be5 Rb7 26. a4 Rd8 27. Rad1 Rbd7 28. Rxd7
Rxd7 29. b5 Rd3 30. Qb4 f4 31. b6 Nh5 32. Qb2 f3 33. Rxe4 fxg2 34. Ne3 Qd7 35.
Rg4 Rd1+ 36. Kxg2 Rd2 37. Qb1 Qf7 38. Qe1 Ra2 39. Re4 Bxh3+ 40. Kxh3 Qf3+ 41.
Kh4 Qxe4+ 42. Kxh5 Qxe5+ 43. Kg4 h5+ 44. Kf3 Qxc5 45. Qb1 Qf8+ 46. Ke4 Rxa4 47.
b7 Rb4 48. Qh1 Qe8+ 49. Kd3 Rxb7 50. Qg2 Rd7+ 51. Kc2 Rd4 52. Qg5 Qe4+ 53. Kc3
Rd3+ 54. Kb4 g6 55. Qf6 a5+ 56. Kxa5 Rxe3 57. fxe3 Qf5+ 58. Qxf5 gxf5 59. Kb6
h4 60. Kxc6 h3 0-1

[Event "POLFINALY MISTRZOSTW POLSKI JUNIOROW 2021 C-17"]
[Site "Jatrzebia Gora"]
[Date "1899-12-30"]
[Round "2.2"]
[White "Pieczulis, Blazej"]
[Black "Stachecki, Mikolaj"]
[Result "1/2-1/2"]
[WhiteTitle "I"]
[BlackTitle "I+"]
[WhiteElo "1726"]
[BlackElo "1899"]

1. e4 c5 2. Nf3 d6 3. Bb5+ Nd7 4. O-O Ngf6 5. Qe2 e5 6. c4 Be7 7. Nc3 O-O 8. Bxd7
Bxd7 9. d3 h6 10. h3 a6 11. Nh2 b5 12. b3 b4 13. Nd1 a5 14. f4 Nh7 15. f5 a4 16.
Rb1 axb3 17. axb3 Ra7 18. Ne3 Bg5 19. Nd5 Bxc1 20. Rbxc1 Nf6 21. Nxf6+ Qxf6 22.
Ng4 Qg5 23. Kh2 Rfa8 24. g3 h5 25. Nf2 Ra2 26. Rc2 Rxc2 27. Qxc2 Ra3 28. Nd1 Bc6
29. h4 Qd8 30. Nb2 Qa8 31. Rb1 Ra2 32. Kg1 Qa3 33. Kf1 g6 34. fxg6 fxg6 35. Ke1
Ra1 36. Rxa1 Qxa1+ 37. Nd1 Bd7 38. Qb2 Qa8 39. Ne3 Be6 40. Nd1 Kg7 41. Ne3 Kg8
1/2-1/2

[Event "POLFINALY MISTRZOSTW POLSKI JUNIOROW 2021 C-17"]
[Site "Jatrzebia Gora"]
[Date "1899-12-30"]
[Round "2.3"]
[White "Zabron, Maksym"]
[Black "Borkowski, Szymon"]
[Result "0-1"]
[WhiteTitle "I++"]
[BlackTitle "I"]
[WhiteElo "1896"]
[BlackElo "1696"]

1. d4 Nf6 2. c4 g6 3. Nc3 Bg7 4. e4 d6 5. Bd3 O-O 6. Nge2 e5 7. d5 a5 8. O-O Na6
9. b3 Nh5 10. Rb1 Nb4 11. a3 Nxd3 12. Qxd3 f5 13. exf5 Bxf5 14. Ne4 Qh4 15. N2c3
Nf4 16. Bxf4 exf4 17. f3 Rae8 18. Rbe1 g5 19. Qd2 g4 20. fxg4 Bxg4 21. Nb5 f3
22. g3 Qh3 23. Ng5 Bh6 24. Rxe8 Rxe8 25. Nxh3 Bxd2 26. Nf2 Bd7 27. Nd4 Re2 28.
Nxf3 Be3 29. Kg2 Bf5 30. g4 Bc2 31. Kg3 Bxb3 32. Ne4 Bxc4 33. Nf6+ Kh8 34. Nh4
Bg5 35. Rf5 Bxh4+ 36. Kxh4 Rxh2+ 37. Kg5 h6+ 38. Kf4 Rf2+ 39. Ke4 Rxf5 40. Kxf5
c6 41. dxc6 bxc6 42. Kg6 Bd3+ 43. Kxh6 c5 44. g5 c4 45. g6 Bxg6 46. Kxg6 c3 47.
Nd5 c2 0-1

[Event "POLFINALY MISTRZOSTW POLSKI JUNIOROW 2021 C-17"]
[Site "Jatrzebia Gora"]
[Date "1899-12-30"]
[Round "2.4"]
[White "Strepikowski, Pawel"]
[Black "Dahche, Abdel-azziz"]
[Result "1-0"]
[WhiteTitle "I"]
[BlackTitle "I"]
[WhiteElo "1841"]
[BlackElo "1656"]

1. e4 c5 2. Nf3 d6 3. d3 Nc6 4. g3 Nf6 5. Bg2 g6 6. O-O Bg7 7. c3 O-O 8. Re1 e5
9. d4 Bg4 10. d5 Ne7 11. h3 Bxf3 12. Qxf3 Nh5 13. Qe2 f5 14. exf5 Rxf5 15. Nd2
Qd7 16. c4 Raf8 17. Ne4 Nf6 18. g4 Nxe4 19. gxf5 gxf5 20. Bxe4 fxe4 21. Qg4 Nf5
22. Bg5 Qf7 23. Rxe4 h5 24. Qg2 Kh8 25. Kh1 Nd4 26. f4 Nf5 27. Rf1 h4 28. Rf3
Qh5 29. fxe5 Bxe5 30. Rxh4 Nxh4 31. Rxf8+ Kg7 32. Bf6+ 1-0

[Event "POLFINALY MISTRZOSTW POLSKI JUNIOROW 2021 C-17"]
[Site "Jatrzebia Gora"]
[Date "1899-12-30"]
[Round "2.5"]
[White "Lenart, Jakub"]
[Black "Kalkowski, Igor"]
[Result "0-1"]
[WhiteTitle "I"]
[BlackTitle "I+"]
[WhiteElo "1660"]
[BlackElo "1839"]

1. d4 g6 2. Nf3 Bg7 3. Bf4 Nf6 4. e3 O-O 5. Nbd2 d6 6. h3 c5 7. c3 b6 8. Be2 Bb7
9. O-O Nbd7 10. Rc1 h6 11. Qc2 Rc8 12. Qb1 cxd4 13. cxd4 Rxc1 14. Rxc1 Qa8 15.
Bc4 Ne4 16. Bb3 g5 17. Bg3 Nxd2 18. Nxd2 Bxg2 19. Qf5 e6 20. Bxe6 fxe6 21. Qxe6+
Rf7 22. e4 Nf8 23. Qg4 h5 24. Qe2 Bxh3 25. Qxh5 g4 26. d5 Qd8 27. Rc6 Bd4 28.
Nb3 Qf6 29. Qf5 Qg7 30. Qh5 Bxf2+ 31. Kh2 Bxg3+ 32. Kxg3 Rf3+ 33. Kh4 Ng6+ 34.
Kg5 Nf4+ 0-1

[Event "POLFINALY MISTRZOSTW POLSKI JUNIOROW 2021 C-17"]
[Site "Jatrzebia Gora"]
[Date "1899-12-30"]
[Round "2.6"]
[White "Galeziewski, Olaf"]
[Black "Haliniak, Wojciech"]
[Result "1/2-1/2"]
[WhiteTitle "II"]
[BlackTitle "I"]
[WhiteElo "1607"]
[BlackElo "1827"]

1. d4 Nf6 2. c4 c5 3. d5 b5 4. cxb5 a6 5. bxa6 Bxa6 6. Nc3 d6 7. e4 Bxf1 8. Kxf1
g6 9. Nf3 Bg7 10. g3 O-O 11. Kg2 Nbd7 12. h3 Ra6 13. Qe2 Qa8 14. Rd1 Rb8 15. Nd2
Nb6 16. Nc4 Nxc4 17. Qxc4 Rb4 18. Qe2 e6 19. a3 exd5 20. exd5 Rd4 21. Qf3 Nd7
22. Be3 Rc4 23. Qe2 Nb6 24. Qd3 Bxc3 25. bxc3 Rca4 26. Bf4 Nc4 27. Qe2 Nxa3 28.
Qe7 Qf8 29. Qd7 Kg7 30. h4 h5 31. Ra2 Qb8 32. Qe7 Qb3 33. Rad2 Nc4 34. Bh6+ Kxh6
35. Qf8+ Kh7 36. Qxf7+ Kh6 37. Qf8+ 1/2-1/2

[Event "POLFINALY MISTRZOSTW POLSKI JUNIOROW 2021 C-17"]
[Site "Jatrzebia Gora"]
[Date "1899-12-30"]
[Round "2.7"]
[White "Krasniewski, Szymon"]
[Black "Jedrzejczak, Michal"]
[Result "1-0"]
[WhiteTitle "I"]
[BlackTitle "II"]
[WhiteElo "1821"]
[BlackElo "1448"]

1. d4 Nf6 2. c4 g6 3. Nc3 Bg7 4. g3 O-O 5. Bg2 d6 6. Nf3 Nbd7 7. O-O c5 8. d5 a6
9. a4 Ne8 10. a5 b5 11. axb6 Qxb6 12. Qd3 Bb7 13. h4 Nef6 14. Bh3 Rfe8 15. h5
gxh5 16. Bxd7 Nxd7 17. Ng5 h6 18. Qh7+ Kf8 19. Ne6+ fxe6 20. Bxh6 Bxh6 21. Qxh6+
Kg8 22. Qxe6+ Kh8 23. Qxd7 Rad8 24. Qf5 Qxb2 25. Qxh5+ Kg7 26. Qg5+ Kh7 27. Kg2
1-0

[Event "POLFINALY MISTRZOSTW POLSKI JUNIOROW 2021 C-17"]
[Site "Jatrzebia Gora"]
[Date "1899-12-30"]
[Round "2.9"]
[White "Labedz, Dawid"]
[Black "Kossowski, Pawel"]
[Result "1-0"]
[WhiteTitle "II+"]
[BlackTitle "I"]
[WhiteElo "1542"]
[BlackElo "1761"]

1. e4 e5 2. Nf3 Nc6 3. d4 exd4 4. Nxd4 Qf6 5. Nb5 Bc5 6. Qe2 Bb6 7. N1c3 Nge7 8.
Be3 O-O 9. Bxb6 cxb6 10. O-O-O a6 11. Nd6 Nd4 12. Qd2 Nec6 13. Nc4 b5 14. Ne3
d6 15. Ncd5 Qd8 16. Kb1 f5 17. c3 f4 18. cxd4 fxe3 19. Nxe3 Qf6 20. f3 Bd7 21.
Be2 Rac8 22. Nd5 Qg6 23. Rhg1 Rfe8 24. Ka1 Kh8 25. h4 Qg3 26. h5 h6 27. Qf4 Qf2
28. Qe3 Qg3 29. Nf4 Nb4 30. Bd3 d5 31. Ng6+ Kg8 32. e5 Rc2 33. Nf4 Rec8 34. e6
Be8 35. e7 Nxd3 36. Rxd3 Qf2 37. Rb1 Bf7 38. Qxf2 Rxf2 39. Re3 Re8 40. Rbe1 Rd2
41. Ng6 Rxg2 42. Nh4 Rg5 43. Re5 Bxh5 44. Rxg5 hxg5 45. Nf5 Rb8 46. Nd6 Be8 47.
Re5 g6 48. Rxd5 Kg7 49. Rxg5 Kf6 50. Re5 b6 51. f4 Ra8 52. d5 g5 53. Re6+ Kg7
54. Nxe8+ Rxe8 55. fxg5 a5 56. g6 Rc8 57. Kb1 1-0

[Event "POLFINALY MISTRZOSTW POLSKI JUNIOROW 2021 C-17"]
[Site "Jatrzebia Gora"]
[Date "1899-12-30"]
[Round "2.10"]
[White "Kasprzak, Lukasz"]
[Black "Bekier, Piotr"]
[Result "1-0"]
[WhiteTitle "II+"]
[BlackTitle "II"]
[WhiteElo "1758"]
[BlackElo "1293"]

1. d4 d6 2. c4 Nf6 3. Nc3 g6 4. e4 Bg7 5. f3 O-O 6. Be3 a6 7. Nge2 e5 8. d5 Nbd7
9. g4 Rb8 10. Ng3 Qe7 11. Qd2 c6 12. O-O-O cxd5 13. Nxd5 Rd8 14. Nxe7+ Rf8 15.
Nd5 1-0

[Event "POLFINALY MISTRZOSTW POLSKI JUNIOROW 2021 C-17"]
[Site "Jatrzebia Gora"]
[Date "1899-12-30"]
[Round "2.11"]
[White "Celebias, Filip"]
[Black "Topola, Rafal"]
[Result "1-0"]
[WhiteTitle "II+"]
[BlackTitle "I"]
[WhiteElo "1534"]
[BlackElo "1961"]

1. e4 d5 2. exd5 Qxd5 3. Nc3 Qd8 4. d4 Nf6 5. Nf3 e6 6. g3 c5 7. Bg2 Nc6 8. Be3
Qb6 9. Qd2 Qa5 10. O-O Bd7 11. d5 Nxd5 12. Nxd5 Qxd2 13. Nc7+ Kd8 14. Nxe6+ Bxe6
15. Nxd2 Kc7 16. Ne4 Kb6 17. b4 Nxb4 18. Rfb1 Kc7 19. Nxc5 Bxc5 20. Bxc5 Nd5 21.
Bd4 f6 22. Re1 Rhe8 23. Rxe6 Rxe6 24. Bxd5 Re7 25. Rb1 Kd6 26. c4 Rb8 27. Bxa7
Ra8 28. Be3 Rxa2 29. Bxb7 Rc2 30. c5+ Rxc5 31. Bxc5+ Kxc5 32. Kg2 Kd6 33. Bf3
g5 34. Rb7 g4 35. Bd5 Re5 36. Bb3 Rh5 37. Bc2 h6 38. Rg7 f5 39. Bd1 Ke6 40. Rxg4
1-0

[Event "POLFINALY MISTRZOSTW POLSKI JUNIOROW 2021 C-17"]
[Site "Jatrzebia Gora"]
[Date "1899-12-30"]
[Round "2.12"]
[White "Majdanski, Maksymilian"]
[Black "Nowak, Maciej"]
[Result "0-1"]
[WhiteTitle "I++"]
[BlackTitle "II"]
[WhiteElo "1914"]
[BlackElo "1537"]

1. d4 Nf6 2. c4 e6 3. Nf3 Bb4+ 4. Bd2 c5 5. g3 O-O 6. Bg2 d6 7. O-O Nc6 8. Bxb4
cxb4 9. Nbd2 e5 10. d5 Nb8 11. a3 bxa3 12. b4 Na6 13. Qb1 Qb6 14. b5 Nc5 15. Rxa3
h6 16. h3 Qd8 17. g4 e4 18. Nh2 Re8 19. Re3 h5 20. g5 Nh7 21. h4 f5 22. gxf6 Qxf6
23. Nxe4 Qxh4 24. Ng5 Nf6 25. Rxe8+ Nxe8 26. Nhf3 Qxc4 27. Qh7+ Kf8 28. Qxh5 Ke7
29. Nh4 Kd8 30. Ng6 Qg4 31. Nf7+ Kc7 32. Qxg4 Bxg4 33. Nf4 Nf6 34. f3 Bd7 35.
Ng5 Re8 36. Rb1 Re5 37. Nge6+ Nxe6 38. dxe6 Bxe6 39. Nxe6+ Rxe6 40. e4 Re5 41.
Kf2 Kb6 42. Bf1 d5 43. exd5 Nxd5 44. Rd1 g5 45. Rd3 Nf4 46. Rd6+ Kc7 47. Rh6 Rd5
48. Kg3 Rd1 49. Kf2 Nd3+ 50. Ke2 Re1+ 51. Kxd3 Rxf1 52. Ke4 Rb1 53. Rh7+ Kb6 54.
Rh6+ Ka5 55. Rh5 Rxb5 56. Kd3 Kb4 57. Kc2 Kc4 58. Rh7 a5 59. Rc7+ Kd5 60. Kd3
a4 61. Rg7 Kc6 62. Rg6+ Kc7 63. Kc4 a3 64. Kxb5 a2 65. Rg7+ Kd6 66. Rg6+ Ke7 67.
Rxg5 a1=Q 68. f4 Qa6+ 69. Kc5 Qd6+ 70. Kb5 Kf6 71. Re5 Qc6+ 72. Ka5 Qa6+ 73. Kb4
Qb6+ 74. Rb5 Qc6 75. Ka5 Ke7 76. f5 Kd7 77. Kb4 Ke7 78. Rc5 Qd6 79. Kc4 Qf4+ 80.
Kb5 Qd6 81. Kc4 Kf6 82. Kb5 Qa6+ 83. Kb4 Kg5 84. Rb5 Kf4 85. f6 Qxf6 86. Ka5 Qa6+
87. Kb4 Ke4 88. Kc5 Qc6+ 89. Kb4 Kd4 90. Ka5 Qc7+ 91. Kb4 Qc4+ 92. Ka5 Qa2+ 93.
Kb4 Qb2+ 94. Ka4 Qa2+ 95. Kb4 Qd2+ 96. Ka3 Qc3+ 97. Ka4 Qc6 98. Ka5 Qa6+ 99. Kb4
b6 100. Rh5 Qc4+ 101. Ka3 Qd3+ 102. Kb4 Qc3+ 103. Ka4 Qc2+ 104. Ka3 Qc1+ 105.
Ka2 Qd2+ 106. Ka3 Qd3+ 107. Kb4 Qd2+ 108. Ka3 Kc3 109. Rh3+ Kc2 110. Ka2 Qd5+
111. Ka3 Qd6+ 112. Ka4 Qd7+ 113. Kb4 Qxh3 114. Ka3 0-1

[Event "POLFINALY MISTRZOSTW POLSKI JUNIOROW 2021 C-17"]
[Site "Jatrzebia Gora"]
[Date "1899-12-30"]
[Round "2.13"]
[White "Kietrys, Maciej"]
[Black "Szafranski, Maciej"]
[Result "1-0"]
[WhiteTitle "I"]
[BlackTitle "II+"]
[WhiteElo "1860"]
[BlackElo "1596"]

1. e4 d5 2. exd5 Qxd5 3. Nc3 Qa5 4. Nf3 Nf6 5. d4 c6 6. Be2 e6 7. Bd2 Qc7 8. Bd3
Bd6 9. Qe2 Nbd7 10. Ng5 O-O 11. Nce4 Be7 12. Bc3 g6 13. O-O Nd5 14. Bd2 Nf4 15.
Bxf4 Qxf4 16. g3 Qc7 17. Rfe1 Nf6 18. c3 h6 19. Nxf6+ Bxf6 20. Ne4 Bg7 21. h4
e5 22. dxe5 Qxe5 23. Qf3 Qc7 24. Nf6+ Kh8 25. Rad1 Qd8 26. Ne4 Qb6 27. Bc4 Be6
28. Bxe6 fxe6 29. Qg4 Kh7 30. Rd7 Rad8 31. Rxd8 Rxd8 32. Qxe6 Rf8 33. Re2 Qd8
34. Rd2 Qe8 35. Qxe8 Rxe8 36. f3 Re7 37. Kf2 Be5 38. Nc5 Kg7 39. f4 Bf6 40. Kf3
Kf7 41. Ne4 b6 42. Rd6 Bg7 43. Rxc6 Rd7 44. Rd6 Re7 45. g4 Bf8 46. Rd5 Bg7 47.
b3 Bf8 48. Ke3 Rc7 49. Kd3 Ke6 50. c4 Be7 51. h5 gxh5 52. Rxh5 Bf8 53. Re5+ Kf7
54. Nc3 Bd6 55. Rf5+ Ke6 56. Nd5 Rg7 57. Rf6+ Kd7 58. Rxh6 Rxg4 59. Nf6+ 1-0

[Event "POLFINALY MISTRZOSTW POLSKI JUNIOROW 2021 C-17"]
[Site "Jatrzebia Gora"]
[Date "1899-12-30"]
[Round "2.14"]
[White "Ullrich, Karol"]
[Black "Bartlomowicz, Jakub"]
[Result "0-1"]
[WhiteTitle "II+"]
[BlackTitle "I"]
[WhiteElo "1605"]
[BlackElo "1842"]

1. e4 c5 2. Nf3 Nc6 3. d4 cxd4 4. Nxd4 Nf6 5. Nc3 e5 6. Ndb5 d6 7. Nd5 Nxd5 8.
exd5 Ne7 9. c4 Ng6 10. Qa4 Bd7 11. Qb4 Bf5 12. Qa4 Bd7 13. Qb4 Qb8 14. Be3 a6
15. Nc3 a5 16. Qb3 a4 17. Qb4 Be7 18. Bb6 O-O 19. Nb5 Rc8 20. Rc1 f5 21. c5 dxc5
22. Bxc5 b6 23. Bxe7 Rxc1+ 24. Kd2 Qc8 25. Nc3 Ra1 26. d6 Kh8 27. h4 Bc6 28. Ba6
Qxa6 29. Rxa1 Nf4 30. Rd1 Nd3 31. Qa3 Nxf2 32. Rc1 Qd3+ 33. Ke1 Qe3+ 34. Ne2 Qxa3
35. bxa3 Nd3+ 36. Kd2 Nxc1 37. Nxc1 e4 38. Ke3 Kg8 39. Kf4 g6 40. h5 Kf7 41. Ne2
Ra5 42. hxg6+ hxg6 43. Bd8 Rd5 44. Bc7 Rd3 45. g4 Kf6 46. Bd8+ Ke6 47. gxf5+ gxf5
48. Bxb6 Rf3+ 49. Kg5 Kxd6 50. Nd4 Rxa3 51. Nxf5+ Kd7 52. Kf4 Rxa2 53. Nd4 Ra1
54. Bc5 Rc1 55. Ba3 Rc3 56. Bb2 Rd3 57. Nxc6 Kxc6 58. Kxe4 Rb3 59. Ba1 a3 60.
Kd4 a2 0-1

[Event "POLFINALY MISTRZOSTW POLSKI JUNIOROW 2021 C-17"]
[Site "Jatrzebia Gora"]
[Date "1899-12-30"]
[Round "2.15"]
[White "Kaliszuk, Kamil"]
[Black "Wolcyrz, Jakub"]
[Result "1-0"]
[WhiteTitle "I+"]
[BlackTitle "II"]
[WhiteElo "1830"]
[BlackElo "1350"]

1. c4 Nf6 2. Nc3 g6 3. e4 d6 4. d4 Bg7 5. h3 O-O 6. Be3 e5 7. d5 Nbd7 8. g4 Nc5
9. f3 a5 10. Qd2 Ne8 11. Nge2 f5 12. exf5 gxf5 13. O-O-O Qh4 14. Rg1 Kh8 15. Bg5
Qf2 16. Rg2 Nb3+ 17. axb3 Qb6 18. Kc2 Bd7 19. Be3 Qb4 20. Na2 1-0

[Event "POLFINALY MISTRZOSTW POLSKI JUNIOROW 2021 C-17"]
[Site "Jatrzebia Gora"]
[Date "1899-12-30"]
[Round "2.16"]
[White "Owoc, Jakub"]
[Black "Bednarczyk, Mateusz"]
[Result "1-0"]
[WhiteTitle "I"]
[BlackTitle "I"]
[WhiteElo "1751"]
[BlackElo "1525"]

1. d4 Nf6 2. Nf3 g6 3. c4 Bg7 4. Nc3 O-O 5. e4 d6 6. Be2 e5 7. Be3 Nc6 8. d5 Ne7
9. O-O Nd7 10. Nd2 f5 11. f3 f4 12. Bf2 g5 13. b4 b6 14. Qb3 Ng6 15. Rac1 Nf6
16. c5 h5 17. cxd6 cxd6 18. Nb5 g4 19. Rc6 Ne8 20. Nc4 Rf6 21. Nxa7 Rxa7 22. Bxb6
Qd7 23. Rxc8 Qxc8 24. Bxa7 g3 25. h3 Nh4 26. b5 Rf7 27. Qa3 Rc7 28. Rc1 Nf6 29.
b6 Rc5 30. Rb1 Rxc4 31. b7 Rc1+ 32. Qxc1 1-0

[Event "POLFINALY MISTRZOSTW POLSKI JUNIOROW 2021 C-17"]
[Site "Jatrzebia Gora"]
[Date "1899-12-30"]
[Round "2.17"]
[White "Trela, Konrad"]
[Black "Kitewski, Bartosz"]
[Result "1/2-1/2"]
[WhiteTitle "II"]
[BlackTitle "I+"]
[WhiteElo "1453"]
[BlackElo "1946"]

1. e4 e6 2. Nf3 d5 3. Nc3 dxe4 4. Nxe4 Nf6 5. Nxf6+ Qxf6 6. d4 h6 7. g3 b6 8. Bg2
Bb7 9. Bf4 Qe7 10. Qd2 g5 11. Be3 Bg7 12. O-O-O Na6 13. Nh4 Bxg2 14. Nxg2 Nb4
15. Kb1 Nd5 16. f4 O-O-O 17. fxg5 Nxe3 18. Qxe3 hxg5 19. Qf3 Kb8 20. c3 Qd7 21.
Ne3 Rdf8 22. Nc2 a5 23. d5 e5 24. Ne3 f5 25. d6 e4 26. dxc7+ Qxc7 27. Qf2 f4 28.
Nd5 Qc5 29. Qe2 e3 30. Qa6 Rh6 31. gxf4 gxf4 32. Nxf4 b5 33. Qxa5 Qf5+ 34. Ka1
Qxf4 35. Qxb5+ Kc8 36. Qd7+ Kb8 1/2-1/2

[Event "POLFINALY MISTRZOSTW POLSKI JUNIOROW 2021 C-17"]
[Site "Jatrzebia Gora"]
[Date "1899-12-30"]
[Round "2.18"]
[White "Wolny, Dawid"]
[Black "Ciborowski, Konrad Jr"]
[Result "1-0"]
[WhiteTitle "II"]
[BlackTitle "I++"]
[WhiteElo "1433"]
[BlackElo "1871"]

1. e4 e6 2. d4 d5 3. Nc3 dxe4 4. Nxe4 Nd7 5. Nf3 Ngf6 6. Bd3 c5 7. c3 cxd4 8. Nxd4
Be7 9. Bg5 h6 10. Bh4 Nxe4 11. Bxe7 Qxe7 12. Bxe4 O-O 13. O-O Rd8 14. Qe2 Nf6
15. Bc2 Qc7 16. Rfe1 b6 17. Qe5 Qxe5 18. Rxe5 Bb7 19. f3 Rac8 20. Rd1 a6 21. a4
Ne8 22. Bb3 Nd6 23. a5 b5 24. Nc2 Kf8 25. Kf2 Ke7 26. Nb4 Rc7 27. Re3 Rcd7 28.
Red3 h5 29. Ke2 h4 30. h3 g5 31. Ba2 f5 32. Kf2 Rc7 33. Re1 Bc8 34. Nd5+ 1-0

[Event "POLFINALY MISTRZOSTW POLSKI JUNIOROW 2021 C-17"]
[Site "Jatrzebia Gora"]
[Date "1899-12-30"]
[Round "2.20"]
[White "Wojciechowski, Franciszek"]
[Black "Mazonik, Oliwier"]
[Result "1-0"]
[WhiteTitle "I"]
[BlackTitle "II"]
[WhiteElo "1716"]
[BlackElo "1432"]

1. d4 Nf6 2. Bf4 g6 3. Nc3 Bg7 4. e4 d6 5. Qd2 h5 6. Bc4 c6 7. a3 e6 8. Nf3 d5
9. exd5 Nxd5 10. Nxd5 cxd5 11. Bd3 Nc6 12. c3 Ne7 13. Ne5 a6 14. O-O Nf5 15. Rae1
Bd7 16. Bg5 Qc8 17. Qf4 Bb5 18. Bxb5+ axb5 19. f3 Qb8 20. g4 Bxe5 21. dxe5 Qa7+
22. Kh1 Ng7 23. Qb4 b6 24. Qxb5+ Kf8 25. Be3 hxg4 26. Bxb6 Qa4 27. Qxa4 Rxa4 28.
Bc5+ Ke8 29. Bb4 Nf5 30. fxg4 Ng3+ 31. Kg2 Nxf1 32. Rxf1 Ra6 33. b3 Rc6 34. Rf4
Rc8 35. Kg3 Rc7 36. Rd4 Kd7 37. c4 Kc6 38. Bd6 Rb7 39. b4 dxc4 40. Rxc4+ Kb5 41.
Rc5+ Ka4 42. Ra5+ Kb3 43. b5 Rc8 44. Kf4 Rc4+ 45. Kg5 Ra4 46. Rxa4 Kxa4 47. h4
Kxb5 48. Kf6 Kc6 49. h5 gxh5 50. gxh5 Kd5 51. h6 Rb1 52. Kxf7 Rf1+ 53. Kg8 Rg1+
54. Kh8 Ke4 55. h7 Kd5 56. a4 Kc6 57. Bf8 Rd1 58. Kg8 Rg1+ 59. Bg7 Rh1 60. h8=Q
1-0

[Event "POLFINALY MISTRZOSTW POLSKI JUNIOROW 2021 C-17"]
[Site "Jatrzebia Gora"]
[Date "1899-12-30"]
[Round "2.21"]
[White "Chybalski, Piotr"]
[Black "Kopestynski, Michal"]
[Result "1-0"]
[WhiteTitle "II"]
[BlackTitle "I"]
[WhiteElo "1377"]
[BlackElo "1604"]

1. d4 d5 2. c4 c6 3. Nf3 e6 4. g3 Bd6 5. Bg2 Nf6 6. Qc2 Nbd7 7. O-O O-O 8. Bf4
Bxf4 9. gxf4 Ne4 10. Nc3 f5 11. Rad1 Qf6 12. Ne5 Qh4 13. e3 Nxe5 14. fxe5 Bd7
15. f3 Nxc3 16. bxc3 Be8 17. e4 fxe4 18. fxe4 Bg6 19. Qd3 dxe4 20. Qh3 Qe7 21.
Qg4 Bf5 22. Qf4 Qa3 23. Qd2 Qa4 24. Qe2 Rad8 25. Rd2 Qa3 26. Qe3 Qa4 27. Qe2 b6
28. h4 Qa3 29. Qe3 Qe7 30. Qg3 h6 31. Rf4 c5 32. Bxe4 Bxe4 33. Rxe4 cxd4 34. cxd4
Qb4 35. Rg2 Rd7 36. Rg4 Rff7 37. d5 Qb1+ 38. Kh2 Qf5 39. Rg6 Rde7 40. dxe6 1-0

[Event "POLFINALY MISTRZOSTW POLSKI JUNIOROW 2021 C-17"]
[Site "Jatrzebia Gora"]
[Date "1899-12-30"]
[Round "2.22"]
[White "Werner, Kacper"]
[Black "Wleklik, Mateusz"]
[Result "1-0"]
[WhiteTitle "II+"]
[BlackTitle "II"]
[WhiteElo "1589"]
[BlackElo "1341"]

1. e4 c5 2. Nf3 d6 3. d4 cxd4 4. Nxd4 Nf6 5. Nc3 a6 6. Be2 e5 7. Nb3 Be6 8. Bf3
Be7 9. O-O O-O 10. Be3 Nbd7 11. Nd5 Nxd5 12. exd5 Bf5 13. a4 Bg6 14. a5 f5 15.
Be2 f4 16. Bc1 Nc5 17. Nxc5 dxc5 18. f3 Bd6 19. c4 Rf5 20. Bd3 Rh5 21. Bxg6 hxg6
22. Rf2 Qh4 23. h3 Re8 24. Re2 Qg3 25. Qe1 Rxh3 26. Qxg3 Rxg3 27. Bxf4 exf4 28.
Rxe8+ Kf7 29. Re6 Be7 30. Rae1 Bf6 31. d6 1-0

[Event "POLFINALY MISTRZOSTW POLSKI JUNIOROW 2021 C-17"]
[Site "Jatrzebia Gora"]
[Date "1899-12-30"]
[Round "2.23"]
[White "Komisarski, Jerzy"]
[Black "Zielinski, Sebastian"]
[Result "0-1"]
[WhiteTitle "II"]
[BlackTitle "II+"]
[WhiteElo "1258"]
[BlackElo "1579"]

1. d4 Nf6 2. Bg5 b5 3. Bxf6 gxf6 4. e4 Bb7 5. f3 a6 6. c4 bxc4 7. Bxc4 d5 8. Qb3
dxc4 9. Qxb7 Nd7 10. Nd2 Rb8 11. Qxa6 Rxb2 12. Rb1 Rxb1+ 13. Nxb1 Nb6 14. Qb5+
Qd7 15. Qxd7+ Kxd7 16. Ne2 Bh6 17. Kd1 Rb8 18. f4 Nd5 19. Kc2 Ne3+ 20. Kc3 Nxg2
21. Kxc4 Nxf4 22. Nxf4 Bxf4 23. a4 c6 24. Nc3 Bd6 25. h3 Rb4+ 26. Kd3 e5 27. d5
Rd4+ 28. Ke3 cxd5 29. Nxd5 f5 30. Ra1 Rxe4+ 31. Kf3 Ke6 32. Nc3 Rc4 33. Nd1 e4+
34. Ke2 Rc2+ 35. Kf1 Bc5 36. a5 e3 37. Ke1 Bb4+ 0-1

[Event "POLFINALY MISTRZOSTW POLSKI JUNIOROW 2021 C-17"]
[Site "Jatrzebia Gora"]
[Date "1899-12-30"]
[Round "2.24"]
[White "Bujnowski, Adam"]
[Black "Smuda, Tomasz"]
[Result "0-1"]
[WhiteTitle "III"]
[BlackTitle "I"]
[WhiteElo "1176"]
[BlackElo "1529"]

1. e4 d6 2. d4 Nf6 3. Nc3 Nbd7 4. Be3 e5 5. d5 c6 6. dxc6 bxc6 7. f3 Be7 8. a4
a5 9. Qd2 Ba6 10. Bxa6 Rxa6 11. Nge2 O-O 12. Bf2 Nb6 13. b3 d5 14. Qd3 Qa8 15.
O-O-O d4 16. Nb1 Nbd7 17. h4 Nc5 18. Qd2 Rb6 19. Kb2 Nxa4+ 20. Ka2 Nc5 21. Nxd4
exd4 22. Bxd4 Rbb8 23. h5 a4 24. b4 Ne6 25. g4 Nxd4 26. Qxd4 Rfd8 27. Qe3 Rxd1
28. Rxd1 Bxb4 29. h6 g6 30. g5 Ne8 31. e5 Nc7 32. f4 Rd8 33. Rf1 Qa6 34. Rf3 Qc4+
35. Ka1 Bc5 36. Qe1 Qxc2 37. Rc3 Bd4 0-1

[Event "POLFINALY MISTRZOSTW POLSKI JUNIOROW 2021 C-17"]
[Site "Jatrzebia Gora"]
[Date "1899-12-30"]
[Round "2.25"]
[White "Mocko, Maciej"]
[Black "Sliwa, Krzysztof"]
[Result "1-0"]
[WhiteTitle "II"]
[BlackTitle "II"]
[WhiteElo "1527"]
[BlackElo "1212"]

1. e4 e5 2. Nf3 Nc6 3. Bc4 Bc5 4. c3 Nf6 5. d4 exd4 6. cxd4 Bb4+ 7. Nc3 Nxe4 8.
O-O Bxc3 9. d5 Na5 10. Qe2 O-O 11. Qxe4 Nxc4 12. Qxc4 Bf6 13. d6 cxd6 14. Nd4
Bxd4 15. Qxd4 a5 16. Re1 b5 17. Qd5 Ba6 18. Bg5 Qb6 19. Rad1 Rfe8 20. Re7 Rf8
21. Rxf7 Rxf7 22. Qxa8+ Rf8 23. Qd5+ Kh8 24. Be3 Qc6 25. Qxd6 Qxd6 26. Rxd6 Bc8
27. Rd5 Re8 28. Rxb5 a4 29. Rb4 a3 30. b3 Re6 31. Rb8 Rc6 32. Ra8 d5 33. h3 Kg8
34. Rxa3 Ra6 35. Rxa6 Bxa6 36. Kh2 Kf7 37. Kg3 Ke6 38. Bd4 g6 39. Kf3 h5 40. g4
Bf1 41. h4 Bh3 42. gxh5 gxh5 43. Kf4 Bg2 44. a4 Kd7 45. Ke5 Kc6 46. f4 Kd7 47.
f5 Ke7 48. b4 Bh3 49. b5 Kd7 50. a5 Kc7 51. f6 1-0

[Event "POLFINALY MISTRZOSTW POLSKI JUNIOROW 2021 C-17"]
[Site "Jatrzebia Gora"]
[Date "1899-12-30"]
[Round "2.26"]
[White "Sawicki, Wojciech"]
[Black "Przybysz, Krzysztof"]
[Result "1-0"]
[WhiteTitle "II"]
[BlackTitle "II"]
[WhiteElo "1505"]
[BlackElo "1133"]

1. e4 c5 2. Nf3 g6 3. c3 Bg7 4. d4 cxd4 5. cxd4 d6 6. Nc3 Nf6 7. Bc4 O-O 8. Qe2
Nc6 9. O-O a6 10. Rd1 b5 11. Bb3 e6 12. Bg5 h6 13. Bh4 g5 14. Bg3 Nh5 15. e5 Nxg3
16. hxg3 dxe5 17. Nxe5 Nxe5 18. dxe5 Qb6 19. Bc2 Bb7 20. Ne4 Bxe4 21. Qxe4 Rfd8
22. b4 Rxd1+ 23. Rxd1 Rc8 24. Rd6 Qc7 25. Bd3 a5 26. bxa5 Qxa5 27. Rd7 Rd8 28.
Rxd8+ Qxd8 29. Bxb5 Qd5 30. Qxd5 exd5 31. f4 Kf8 32. Kf2 Ke7 33. Ke3 Ke6 34. Ba6
Kd7 35. Bb7 Ke6 36. Kd4 gxf4 37. Bc8+ Ke7 38. gxf4 f6 39. Kxd5 fxe5 40. fxe5 h5
41. a4 Bh6 42. Bf5 Be3 43. a5 h4 44. Kc6 Bd4 45. e6 Be3 46. a6 Kf6 47. Kb7 Kxf5
48. e7 1-0

[Event "POLFINALY MISTRZOSTW POLSKI JUNIOROW 2021 C-17"]
[Site "Jatrzebia Gora"]
[Date "1899-12-30"]
[Round "3.1"]
[White "Piechota, Kamil"]
[Black "Strepikowski, Pawel"]
[Result "1/2-1/2"]
[WhiteTitle "I"]
[BlackTitle "I"]
[WhiteElo "1752"]
[BlackElo "1841"]

1. e4 d6 2. d4 Nf6 3. Nc3 g6 4. Bg5 Bg7 5. e5 Nfd7 6. f4 Nb6 7. Bh4 O-O 8. Nf3
f6 9. Qe2 dxe5 10. fxe5 Bg4 11. O-O-O Nc6 12. Qe4 Bh6+ 13. Kb1 Bf5 14. Qe1 Nb4
15. Ne4 N4d5 16. Bf2 c6 17. Nc5 Nd7 18. exf6 exf6 19. Ne6 Bxe6 20. Qxe6+ Kh8 21.
g3 Re8 22. Qh3 Bf8 23. Bd3 f5 24. Rhe1 Qf6 25. Nh4 N7b6 26. c3 Na4 27. Kc2 b5
28. Bg1 Kg8 29. Rf1 Qe6 30. Nf3 Naxc3 31. Rde1 Ne4 32. Bxe4 fxe4 33. Qxe6+ Rxe6
34. Ng5 Rf6 35. Rxf6 Nxf6 36. Nxe4 1/2-1/2